Βασικές έννοιες της πολιτικής επιστήμης και των διεθνών σχέσεων
Αποθηκεύτηκε σε:
| Κύριος συγγραφέας: | |
|---|---|
| Άλλοι συγγραφείς: | , |
| Μορφή: | Βιβλίο |
| Γλώσσα: | Greek English |
| Δημοσίευση: |
Θεσσαλονίκη :
Επίκεντρο,
2018.
|
| Έκδοση: | 2η έκδ. |
| Θέματα: | |
| Ετικέτες: |
Προσθήκη ετικέτας
Δεν υπάρχουν, Καταχωρήστε ετικέτα πρώτοι!
|
MARC
| LEADER | 00000cam a2200000 a 4500 | ||
|---|---|---|---|
| 001 | 1/125428 | ||
| 008 | 220928s2018####gr | ||| |||| ||gre|| | ||
| 020 | |a 9789604588251 | ||
| 040 | |a GR-MyUa |b gre |c GR-MyUa |e AACR2 | ||
| 041 | 1 | |a gre |h eng | |
| 082 | 7 | |a 320 |2 (23) | |
| 100 | 1 | |a Heywood, Andrew. | |
| 245 | 1 | 0 | |a Βασικές έννοιες της πολιτικής επιστήμης και των διεθνών σχέσεων / |c Andrew Heywood ; επιμέλεια: Δήμητρα Ασημακοπούλου ; μετάφραση, φιλολογική επιμέλεια: Ελένη Κοτσυφού. |
| 250 | |a 2η έκδ. | ||
| 260 | |a Θεσσαλονίκη : |b Επίκεντρο, |c 2018. | ||
| 300 | |a 386 σ ; |c 24 εκ. | ||
| 500 | |a Τίτλος πρωτοτύπου: Key concepts in politics and international relations. | ||
| 650 | 0 | |a Political science | |
| 650 | 0 | |a International relations | |
| 650 | 0 | |a World politics | |
| 700 | 1 | |a Κοτσυφού, Ελένη, |e trlf | |
| 700 | 1 | |a Ασημακοπούλου, Δήμητρα, |e edtf | |
| 852 | |a INST |b RHODES |e 20220928 |h 320 HEY |p 005400043083 |q 005400043083 |t BK |y 0 | ||
| 970 | |z 28-09-2022 | ||